Forecasting : (Record no. 5332)
[ view plain ]
| 000 -LEADER | |
|---|---|
| fixed length control field | 01197pam a2200193 a 4500 |
| 020 ## - INTERNATIONAL STANDARD BOOK NUMBER | |
| ISBN | 0471532339 (cloth : alk. paper) |
| 050 00 - CALL NUMBER | |
| Classification number | HD30.27 |
| Item number | .M34 |
| 100 1# - AUTHOR | |
| Personal name | Makridakis, Spyros G. |
| 245 10 - TITLE | |
| Title | Forecasting : |
| Remainder of title | methods and applications / |
| Statement of responsibility, etc | Spyros Makridakis, Steven C. Wheelwright, Rob J. Hyndman. |
| 250 ## - EDITION | |
| Edition statement | 3rd ed. |
| 260 ## - PUBLICATION INFORMATION | |
| Place of publication | New York : |
| Name of publisher | John Wiley & Sons, |
| Year of publication | c1998. |
| 300 ## - DESCRIPTION | |
| Number of Pages | xiv, 642 p. : |
| Other physical details | ill. ; |
| Dimensions | 25 cm. |
| 500 ## - NOTES | |
| General note | Includes index |
| 505 ## - FORMATTED CONTENTS NOTE | |
| Table of Content | 1. The forecasting perspective --<br/>2. Basic forecasting tools --<br/>3. Time series decomposition --<br/>4. Exponential smoothing methods --<br/>5. Simple regression --<br/>6. Multiple regression --<br/>7. The Box-Jenkins methodology for ARIMA models --<br/>8. Advanced forecasting models --<br/>9. Forecasting the long-term --<br/>10. Judgmental forecasting and adjustments --<br/>11. The use of forecasting methods in practice --<br/>12. Implementing forecasting: its uses, advantages, and limitations --<br/>Appendix I. Forecasting resources --<br/>Appendix II. Glossary of forecasting terms --<br/>Appendix III. Statistical tables. |
| 650 #0 - SUBJECTS | |
| Topical Term | Forecasting |
| General subdivision | Statistical methods. |
| 700 1# - OTHER AUTHORS | |
| Personal name | Wheelwright, Steven C., |
| 700 1# - OTHER AUTHORS | |
| Personal name | Hyndman, Rob J. |
| 942 ## - ADDED ENTRY ELEMENTS (KOHA) | |
| Koha item type | Books |
| Withdrawn status | Lost status | Collection code | Home library | Current library | Shelving location | Date acquired | Full call number | Accession Number | Koha item type |
|---|---|---|---|---|---|---|---|---|---|
| Reference | Methodist University Library Main | Methodist University Library Main | General Stacks | 20/06/2019 | HD30.27 .M34 | 27454 | Books |